000 00762nam a2200265Ia 4500
001 Para_1734
003 CHAP
008 220125s1994 xx 000 0 und d
010 _a200352
040 _cCHAP
082 _aPA 632.93063 C6 1994
111 _aConsejo Nacional Consultivo Fitosanitario. Asamblea Anual (2:1994:Montecillo, Méx.)
_927300
245 _aMemoria /
_c por CONAFI
260 _aMéxico, D.F. :
_b Consejo Consultivo Fitosanitario
300 _a192 p.
650 _aControl de Plagas
_927595
650 _aSanidad vegetal
_9102224
901 _aPA 632.93063 C6 1994
902 _aA
905 _a0000001994 abin0000000000 00
910 _a1994
942 _cPARA
942 _cPARA
_d1
999 _c200352
_d200352